[Event "Druzynowe Mistrzostwa Polski Juniorow - Ekstraliga Juniorow 2019"]
[Site "DW Globus Ustron Jaszowiec ul. Turystyczna 6"]
[Date "1899-12-30"]
[Round "1.1"]
[White "Kosakowski, Jakub"]
[Black "Psyk, Radoslaw"]
[Result "0-1"]
[WhiteTitle "FM"]
[BlackTitle "k++"]
[WhiteElo "2390"]
[BlackElo "2311"]

1. e4 c5 2. Nf3 e6 3. d4 cxd4 4. Nxd4 a6 5. c4 Nf6 6. Nc3 Bb4 7. Qd3 d5 8. exd5
exd5 9. Be2 O-O 10. O-O Nc6 11. Nxc6 bxc6 12. Bf3 a5 13. a3 Bd6 14. Qc2 Ba6 15.
Be2 d4 16. Ne4 Nxe4 17. Qxe4 Re8 18. Qd3 c5 19. a4 Rb8 20. b3 Qf6 21. Bf3 Bc8
22. Qd1 Bf5 23. Bd2 Bc7 24. Re1 Qg6 25. Bd5 Bg4 26. Qc1 Qd3 27. Rxe8+ Rxe8 28.
Bf4 Bxf4 29. Qxf4 Bh5 30. h4 Bg6 31. g4 h5 32. gxh5 Qf5 33. Qg3 Qxh5 34. f3 d3
35. Re1 Rxe1+ 36. Qxe1 Qf5 37. Qe3 Qf6 38. h5 Bf5 39. Qd2 Qd4+ 40. Kg2 Qh4 41.
Qe3 Bh3+ 42. Kh2 Bf5+ 43. Kg2 Qxh5 44. Be4 Bxe4 45. Qxe4 Qg6+ 46. Qxg6 fxg6 47.
Kf2 Kf7 48. Ke3 Ke6 49. Kxd3 Ke5 50. Ke3 g5 51. Kd3 Kf4 52. b4 cxb4 53. Kd4 b3
54. Kc3 Ke5 55. c5 Kd5 56. Kxb3 Kxc5 57. Kc3 g6 58. Kd3 Kb4 0-1

[Event "Druzynowe Mistrzostwa Polski Juniorow - Ekstraliga Juniorow 2019"]
[Site "DW Globus Ustron Jaszowiec ul. Turystyczna 6"]
[Date "1899-12-30"]
[Round "1.2"]
[White "Malicka, Maria"]
[Black "Pytel, Maciej"]
[Result "1-0"]
[WhiteTitle "WCM"]
[BlackTitle "k"]
[WhiteElo "2115"]
[BlackElo "1988"]

1. e4 c5 2. Nf3 e6 3. d4 cxd4 4. Nxd4 a6 5. c4 Nf6 6. Nc3 Qc7 7. Be2 b6 8. O-O
Bb7 9. Qd3 d6 10. f4 Nbd7 11. b4 Rc8 12. Bd2 Be7 13. Rac1 O-O 14. g4 Rfd8 15.
g5 Ne8 16. h4 Qb8 17. a3 Nc7 18. h5 Bf8 19. Qg3 Re8 20. g6 fxg6 21. hxg6 h6 22.
e5 d5 23. cxd5 Nxd5 24. Nxd5 Bxd5 25. Bxa6 Rxc1 26. Rxc1 Qa8 27. Bb5 Qb7 28. Qc3
Ra8 29. Bc6 Bxc6 30. Qxc6 Qxc6 31. Rxc6 Rxa3 32. Nxe6 Rd3 33. Be1 h5 34. Kf1 Rh3
35. Rc7 Rd3 36. Ke2 Rd5 37. Rc8 b5 38. Bh4 1-0

[Event "Druzynowe Mistrzostwa Polski Juniorow - Ekstraliga Juniorow 2019"]
[Site "DW Globus Ustron Jaszowiec ul. Turystyczna 6"]
[Date "1899-12-30"]
[Round "1.3"]
[White "Karolczuk, Iwo"]
[Black "Iwaszkiewicz, Krzysztof"]
[Result "1-0"]
[WhiteTitle "I++"]
[BlackTitle "I"]
[WhiteElo "2031"]
[BlackElo "1770"]

1. e4 c5 2. Nf3 Nc6 3. Bb5 g6 4. Bxc6 bxc6 5. O-O Bg7 6. Re1 Nh6 7. c3 f6 8. d4
cxd4 9. cxd4 Nf7 10. Nc3 e5 11. Be3 O-O 12. Qd2 d6 13. h3 Be6 14. dxe5 fxe5 15.
Red1 Qd7 16. Na4 Rfd8 17. Ng5 Bc4 18. b3 Bb5 19. Nc3 Ba6 20. Rac1 Bb7 21. Na4
Qe7 22. Nxf7 Kxf7 23. Rc3 Bf6 24. Rdc1 Rd7 25. Rxc6 Bxc6 26. Rxc6 Rad8 27. Nc3
Qe8 28. Nd5 Rb8 29. Qe2 Bd8 30. Bh6 Kg8 31. Be3 Kg7 32. b4 Qf7 33. a4 Rdb7 34.
b5 Bb6 35. Rxd6 Bxe3 36. Qxe3 Rd7 37. Rc6 Rdb7 38. Qg5 Rf8 39. Qxe5+ Kh6 40. Rf6
Qe8 41. Re6 Qc8 42. Ne3 Qxe6 43. Qxe6 Kg7 44. Qe5+ Rf6 1-0

[Event "Druzynowe Mistrzostwa Polski Juniorow - Ekstraliga Juniorow 2019"]
[Site "DW Globus Ustron Jaszowiec ul. Turystyczna 6"]
[Date "1899-12-30"]
[Round "1.4"]
[White "Klim, Filip"]
[Black "Budzisz, Adrian"]
[Result "1/2-1/2"]
[WhiteTitle "I"]
[BlackTitle "I"]
[WhiteElo "1557"]
[BlackElo "1796"]

1. e4 c5 2. Nf3 e6 3. d4 cxd4 4. Nxd4 a6 5. c4 Nf6 6. Nc3 Qc7 7. Be2 b6 8. Bf3
Bb7 9. Qe2 Nc6 10. Be3 Ne5 11. Rc1 Qxc4 12. Qxc4 Nxc4 13. e5 Bxf3 14. exf6 Bb7
15. fxg7 Bxg7 16. O-O Nxb2 17. Rb1 Nc4 18. Rb4 Nxe3 19. fxe3 b5 20. a4 Bf8 21.
Rb2 b4 22. a5 Bc6 23. Nxc6 dxc6 24. Na4 Rb8 25. Rc1 Rb5 26. Rxc6 Rxa5 27. Rc8+
Ke7 28. Rxb4 Bg7 29. Rc7+ Kf6 30. Rf4+ Ke5 31. Rc5+ Rxc5 32. Nxc5 Bh6 33. Rf3
a5 34. Kf2 f5 35. Ke2 Rc8 36. Nd3+ Ke4 37. Nf2+ Kd5 38. Rh3 Rc2+ 39. Kf3 Bg5 40.
Rxh7 e5 41. e4+ fxe4+ 42. Nxe4 Bf4 43. h4 Rc4 44. Ra7 a4 45. Rxa4 Rxa4 46. Nc3+
Ke6 47. Nxa4 Kf5 48. g4+ Kg6 49. Nc5 Kf6 50. Nd3 Bd2 51. Ke4 Bc3 52. g5+ Kg6 53.
Nxe5+ Kh5 54. Kf5 Ba1 55. Kf6 Bb2 56. Kf5 Bc3 57. Nf3 Bb2 58. Ke6 Kg6 59. Ne1
Bc1 60. Nf3 Bb2 61. Kd5 Bc3 62. Ke4 Kh5 63. Kf5 Bg7 64. g6 Bh8 65. Nd2 Kxh4 66.
Ke6 Kh5 67. Kf7 Ba1 68. Ne4 Bh8 69. Nf6+ Kh6 70. Ng8+ Kg5 71. Ne7 Kh6 72. Nf5+
Kg5 73. Nd6 Kh6 1/2-1/2

[Event "Druzynowe Mistrzostwa Polski Juniorow - Ekstraliga Juniorow 2019"]
[Site "DW Globus Ustron Jaszowiec ul. Turystyczna 6"]
[Date "1899-12-30"]
[Round "1.5"]
[White "Koruch, Maria"]
[Black "Kaczmarska, Joanna"]
[Result "1/2-1/2"]
[WhiteTitle "I+"]
[BlackTitle "k+"]
[WhiteElo "1677"]
[BlackElo "2010"]

1. e4 e6 2. d4 d5 3. e5 c5 4. c3 Nc6 5. Nf3 Qb6 6. a3 c4 7. Nbd2 Na5 8. Be2 Bd7
9. O-O Ne7 10. Rb1 Qc7 11. Ne1 Nc8 12. f4 Nb6 13. Bg4 g6 14. Ndf3 O-O-O 15. Be3
Kb8 16. Bf2 h5 17. Bh3 Be7 18. Bh4 Bxh4 19. Nxh4 Ba4 20. Qe2 Qe7 21. Qf2 Nd7 22.
Nef3 Kc7 23. Ng5 Rhg8 24. Nhf3 b5 25. Rfe1 Rge8 26. Re2 Ra8 27. Rbe1 Nf8 28. Qh4
Nc6 29. g4 hxg4 30. Bxg4 a5 31. Qh8 b4 32. axb4 axb4 33. Qf6 Nd8 34. Qg7 Nd7 35.
h4 f5 36. exf6 Qxf6 37. Qxf6 Nxf6 38. Bxe6 bxc3 39. bxc3 Nxe6 40. Nxe6+ Kd6 41.
Nc5 Rxe2 42. Rxe2 1/2-1/2

[Event "Druzynowe Mistrzostwa Polski Juniorow - Ekstraliga Juniorow 2019"]
[Site "DW Globus Ustron Jaszowiec ul. Turystyczna 6"]
[Date "1899-12-30"]
[Round "1.6"]
[White "Kandula, Jasmina"]
[Black "Szczotka, Klara"]
[Result "0-1"]
[WhiteTitle "II+"]
[BlackTitle "I++"]
[WhiteElo "1040"]
[BlackElo "1786"]

1. e4 c5 2. Nf3 e6 3. c3 Nf6 4. e5 Nd5 5. d4 cxd4 6. cxd4 d6 7. Bb5+ Bd7 8. Bxd7+
Nxd7 9. O-O Qc7 10. Re1 dxe5 11. Nxe5 Nxe5 12. dxe5 Bb4 13. Bd2 O-O 14. Qb3 Qa5
15. Rd1 Rfd8 16. a3 Bxd2 17. Nxd2 Nb6 18. Nf3 Rac8 19. Rxd8+ Rxd8 20. Rd1 Rxd1+
21. Qxd1 Qd5 22. Qxd5 exd5 23. b3 Kf8 24. Kf1 Ke7 25. Ke2 Nd7 26. Ke3 h6 27. Kd4
Ke6 28. h3 b6 29. b4 Nb8 30. b5 Nd7 31. g4 g5 32. h4 gxh4 33. g5 hxg5 34. Nxg5+
Kf5 35. Nf3 h3 36. Nh2 Nxe5 37. f3 Kf4 38. Kxd5 Nxf3 39. Nxf3 Kxf3 40. Kc6 h2
41. Kb7 h1=Q 42. Ka6 Qb1 0-1

[Event "Druzynowe Mistrzostwa Polski Juniorow - Ekstraliga Juniorow 2019"]
[Site "DW Globus Ustron Jaszowiec ul. Turystyczna 6"]
[Date "1899-12-30"]
[Round "1.7"]
[White "Gumularz, Szymon"]
[Black "Polczyk, Mikolaj"]
[Result "1-0"]
[WhiteTitle "IM"]
[BlackTitle "k"]
[WhiteElo "2495"]
[BlackElo "2182"]

1. e4 e5 2. Nf3 Nc6 3. Bc4 Nf6 4. d3 Bc5 5. O-O d6 6. c3 a6 7. a4 Ba7 8. Re1 O-O
9. h3 h6 10. Nbd2 Ne7 11. Nf1 Ng6 12. Ng3 b5 13. Bb3 Be6 14. Bc2 Qc8 15. d4 Rd8
16. Be3 Qb7 17. Qc1 c6 18. Nf5 Kh7 19. Bxh6 Bxf5 20. exf5 gxh6 21. fxg6+ fxg6
22. dxe5 Nd5 23. e6 Qe7 24. Re4 Rf8 25. Qd2 Rf6 26. Rh4 Qg7 27. Re1 Raf8 28. Re2
Nf4 29. Rxf4 Rxf4 30. e7 Rxf3 31. gxf3 Re8 32. Re6 1-0

[Event "Druzynowe Mistrzostwa Polski Juniorow - Ekstraliga Juniorow 2019"]
[Site "DW Globus Ustron Jaszowiec ul. Turystyczna 6"]
[Date "1899-12-30"]
[Round "1.8"]
[White "Panek, Bartosz"]
[Black "Czopor, Maciej"]
[Result "1/2-1/2"]
[WhiteTitle "I"]
[BlackTitle "k"]
[WhiteElo "2033"]
[BlackElo "2250"]

1. e4 c5 2. c3 d5 3. exd5 Qxd5 4. d4 Nc6 5. Nf3 Bf5 6. Be2 cxd4 7. cxd4 Bxb1 8.
Rxb1 e6 9. b3 Bb4+ 10. Bd2 Bxd2+ 11. Qxd2 Nge7 12. O-O O-O 13. Bc4 Qd6 14. Rbd1
Rad8 15. Rfe1 h6 16. h3 Rd7 17. Qe2 Rfd8 18. Qe4 Nd5 19. Rd2 Nf6 20. Qh4 Qb4 21.
Red1 Qb6 22. Rd3 Qa5 23. a4 a6 24. Ne5 Nxe5 25. dxe5 Qxe5 26. Rxd7 Rxd7 27. Rxd7
Nxd7 28. Qd8+ Nf8 29. Qb6 Qe1+ 30. Bf1 Qe4 31. Bc4 Ng6 32. f3 Qe1+ 33. Kh2 Qe5+
34. Kg1 Nf4 35. Qxb7 Qg5 36. Bf1 Nxh3+ 37. Kh2 Nf4 38. Qb8+ Kh7 39. g3 Qh5+ 40.
Kg1 Qc5+ 41. Kh1 Nd5 42. Qe5 Qf2 43. Bd3+ g6 44. Qe2 Qxg3 45. Bxa6 Nf4 46. Qf1
Qh4+ 47. Kg1 Nh3+ 48. Kg2 Nf4+ 49. Kg1 Qg3+ 50. Kh1 Nh3 51. Qg2 Qe1+ 52. Qf1 Qh4
53. Kg2 Nf4+ 54. Kg1 Kh8 1/2-1/2

[Event "Druzynowe Mistrzostwa Polski Juniorow - Ekstraliga Juniorow 2019"]
[Site "DW Globus Ustron Jaszowiec ul. Turystyczna 6"]
[Date "1899-12-30"]
[Round "1.9"]
[White "Luberanski, Jakub"]
[Black "Jeda, Maciej"]
[Result "0-1"]
[WhiteTitle "I++"]
[BlackTitle "I"]
[WhiteElo "2010"]
[BlackElo "1798"]

1. e4 c5 2. Nf3 d6 3. d4 cxd4 4. Nxd4 Nf6 5. Nc3 g6 6. Be3 Bg7 7. f3 O-O 8. Qd2
Nc6 9. O-O-O Bd7 10. Kb1 Rc8 11. h4 h5 12. g4 hxg4 13. Nxc6 bxc6 14. Bh6 Qa5 15.
h5 Nxh5 16. Bc4 Rb8 17. Bxg7 Kxg7 18. fxg4 Bxg4 19. Rdg1 Bf3 20. Rh3 Qc5 21. Qg5
Qxc4 22. Rxf3 Nf6 23. e5 dxe5 24. Qxe5 Qb4 25. b3 Rfd8 26. Rgf1 Qd6 27. Qg5 Rh8
28. Qg1 c5 29. Qe3 Rb4 30. Qe2 Rh2 31. Qe1 Rg4 32. R1f2 Rxf2 33. Qxf2 Qe5 34.
Re3 Ne4 35. Rxe4 Rxe4 36. Nxe4 Qxe4 37. Qxc5 e5 38. Qxa7 Qe1+ 39. Kb2 e4 40. Qd4+
Kh6 41. a4 f5 42. Qh8+ Kg5 43. Qd8+ Kg4 44. a5 e3 45. a6 Qd2 46. Qb6 e2 47. Qg1+
Kh4 48. Qh2+ Kg4 49. Qg2+ Kh5 50. Qh2+ Kg5 51. Qg1+ Kf6 52. a7 e1=Q 53. Qxe1 Qxe1
54. a8=Q Qe5+ 55. Kc1 Qe3+ 56. Kb2 f4 57. Qc6+ Kf5 58. Qd7+ Kg5 59. Qd5+ Kg4 60.
Qg2+ Qg3 61. Qe4 Kg5 62. Qe7+ Kh5 63. Qh7+ Kg5 64. Qe7+ Kh6 65. Qe5 g5 66. b4
Qg2 67. Qf6+ Kh5 68. b5 f3 69. b6 f2 70. Qf7+ Kh4 71. Qh7+ Kg4 72. Qd7+ Kh4 73.
Qh7+ Kg3 74. b7 Qxb7+ 75. Qxb7 f1=Q 76. Qc7+ Qf4 77. Qc3+ Kh2 78. Qe1 g4 79. Qe2+
Kh3 80. Qe6 Kh4 81. Qe7+ Kg3 82. Qe1+ Qf2 83. Qe4 Kh3 84. Qe6 Kh4 85. Qh6+ Kg3
86. Qe6 Qd2 87. Qe4 Qf4 88. Qe1+ Kh3 89. Qe6 Kh4 90. Qe7+ Kg3 91. Qe1+ Qf2 92.
Qe5+ Kg2 93. Qd5+ Qf3 94. Qd2+ Kf1 95. Qc1+ Ke2 96. c4 g3 97. c5 g2 98. c6 Qf6+
99. Kb3 Qe6+ 100. Kb4 Qg4+ 101. Kb5 g1=Q 102. Qxg1 Qxg1 103. Ka6 Qc5 104. Kb7
Qb5+ 105. Kc7 Kd3 106. Kd6 Qf5 107. Kc7 Kc4 108. Kb7 Qb5+ 109. Kc7 Kc5 0-1

[Event "Druzynowe Mistrzostwa Polski Juniorow - Ekstraliga Juniorow 2019"]
[Site "DW Globus Ustron Jaszowiec ul. Turystyczna 6"]
[Date "1899-12-30"]
[Round "1.10"]
[White "Piechota, Kamil"]
[Black "Madej, Marek"]
[Result "0-1"]
[WhiteTitle "I"]
[BlackTitle "I"]
[WhiteElo "1641"]
[BlackElo "1843"]

1. e4 e5 2. Nf3 Nc6 3. Bc4 Bc5 4. c3 Nf6 5. d4 exd4 6. cxd4 Bb4+ 7. Bd2 Nxe4 8.
Bxb4 Nxb4 9. Bxf7+ Kxf7 10. Qb3+ d5 11. Ne5+ Ke6 12. Qxb4 c5 13. Qa3 Rf8 14. O-O
cxd4 15. Nf3 Kf7 16. Qd3 Kg8 17. Qxd4 Rxf3 18. gxf3 Bh3 19. Qe5 Ng5 20. Nd2 Bxf1
21. Kxf1 Nf7 22. Qe6 Qd6 23. Qxd6 Nxd6 24. Rd1 Nc4 25. Nxc4 dxc4 26. Rd7 b5 27.
Rb7 a6 28. a4 bxa4 29. Rb4 a3 30. bxa3 Rc8 31. Rb2 Kf7 32. Ke2 Ke6 33. Rb6+ Kd5
34. Rxa6 Rb8 35. Ra7 Kd4 36. Kd2 Rb2+ 37. Kc1 Rxf2 38. Rxg7 Kc3 39. Kd1 Rxh2 40.
f4 h5 41. a4 Rf2 42. Rf7 h4 43. Ke1 Ra2 44. Rh7 Rxa4 45. Rxh4 Kb3 46. f5 Ra5 47.
Rf4 c3 48. f6 c2 49. Kd2 Rd5+ 0-1

[Event "Druzynowe Mistrzostwa Polski Juniorow - Ekstraliga Juniorow 2019"]
[Site "DW Globus Ustron Jaszowiec ul. Turystyczna 6"]
[Date "1899-12-30"]
[Round "1.11"]
[White "Harazinska, Magdalena"]
[Black "Bilczewska, Olga"]
[Result "1-0"]
[WhiteTitle "WFM"]
[BlackTitle "I++"]
[WhiteElo "2004"]
[BlackElo "1691"]

1. d4 d5 2. c4 e6 3. Nc3 Nf6 4. cxd5 exd5 5. Bg5 Nbd7 6. e3 Be7 7. Bd3 c6 8. Qc2
Nh5 9. Bxe7 Qxe7 10. Nge2 g6 11. O-O O-O 12. Rae1 Ndf6 13. Ng3 Nxg3 14. hxg3 Qd6
15. a3 a5 16. Na4 Qc7 17. Rc1 h5 18. Qc5 Be6 19. Nb6 Rad8 20. b4 axb4 21. axb4
Nd7 22. Nxd7 Qxd7 23. Ra1 Ra8 24. Qb6 Rfb8 25. Ra7 Rxa7 26. Qxa7 Qc8 27. Ra1 Kg7
28. f3 Qc7 29. Kf2 Rc8 30. Rc1 Qd7 31. Rc5 Qe7 32. b5 Qd7 33. b6 Rh8 34. Rc1 h4
35. gxh4 Rxh4 36. Qb8 Qc8 37. Qe5+ Kg8 38. Ra1 Rh5 39. Qd6 Bd7 40. Bxg6 Rh8 41.
Bd3 Qd8 42. Ra7 Qh4+ 43. Qg3+ Qxg3+ 44. Kxg3 Bc8 45. Ra8 Kg7 46. Rb8 f6 47. Kf4
Rf8 48. g4 Kf7 49. Bf5 Bxf5 50. Rxf8+ Kxf8 51. Kxf5 Kf7 52. f4 1-0

[Event "Druzynowe Mistrzostwa Polski Juniorow - Ekstraliga Juniorow 2019"]
[Site "DW Globus Ustron Jaszowiec ul. Turystyczna 6"]
[Date "1899-12-30"]
[Round "1.12"]
[White "Bugaj, Hanna"]
[Black "Pawicka, Magdalena"]
[Result "1/2-1/2"]
[WhiteTitle "I"]
[BlackTitle "I"]
[WhiteElo "1566"]
[BlackElo "1700"]

1. d4 d5 2. Nf3 Nf6 3. e3 e6 4. Bd3 c5 5. b3 Nc6 6. Bb2 Bd6 7. O-O O-O 8. Nbd2
Qe7 9. Ne5 cxd4 10. exd4 Ba3 11. Bxa3 Qxa3 12. c3 Qd6 13. f4 Bd7 14. Rf3 Ne7 15.
Rh3 Ng6 16. Qf3 Rac8 17. Rc1 b5 18. g4 b4 19. g5 bxc3 20. Nb1 Ne4 21. Bxe4 dxe4
22. Qxe4 c2 23. Nd2 Bc6 24. Nxc6 Qxc6 25. Qxc6 Rxc6 26. Rf3 Rd8 27. Nc4 Rxd4 28.
Rxc2 Nxf4 29. Kf2 Nd3+ 30. Ke2 Ne5 31. Rfc3 Nxc4 32. bxc4 Kf8 33. Kf3 Rc5 34.
Ra3 a5 35. Ke3 Rh4 36. Rb3 Rhxc4 37. Rxc4 Rxc4 38. Rb8+ Ke7 39. Rb7+ Ke8 40. Ra7
Ra4 41. Ra8+ Ke7 42. Ra7+ Kd6 43. Rxf7 Rxa2 44. Rxg7 Rxh2 45. Ra7 Rh3+ 46. Kf4
a4 47. Kg4 Ra3 48. Rxh7 Ra1 49. Ra7 a3 50. g6 a2 51. g7 Rg1+ 52. Kf4 e5+ 53. Ke4
Rxg7 54. Ra6+ Ke7 55. Rxa2 Rg5 56. Ra6 Kd7 57. Rh6 Ke7 1/2-1/2

[Event "Druzynowe Mistrzostwa Polski Juniorow - Ekstraliga Juniorow 2019"]
[Site "DW Globus Ustron Jaszowiec ul. Turystyczna 6"]
[Date "1899-12-30"]
[Round "1.13"]
[White "Lukasiewicz, Krzysztof"]
[Black "Nowak, Mikolaj"]
[Result "1/2-1/2"]
[WhiteTitle "k"]
[BlackTitle "I++"]
[WhiteElo "2172"]
[BlackElo "2230"]

1. e4 e5 2. Nf3 Nc6 3. Bc4 Bc5 4. Nc3 d6 5. Na4 Bb6 6. a3 Nf6 7. Nxb6 axb6 8. d3
h6 9. h3 O-O 10. O-O Ne7 11. Nh4 g5 12. Nf3 Ng6 13. Re1 Kg7 14. d4 Qe7 15. Nh2
Bd7 16. Nf1 c6 17. Ng3 Nh4 18. Be3 c5 19. c3 Bc6 20. Qc1 Nh7 21. Qd2 f5 22. Nxf5+
Rxf5 23. d5 Rf6 24. dxc6 bxc6 25. Red1 Rd8 26. b4 Rff8 27. b5 cxb5 28. Bxb5 Nf6
29. Bc6 Qc7 30. Bd5 Kh8 31. Qe2 Qh7 32. f3 Nh5 33. Qf2 Qe7 34. Bc4 Nf4 35. Bf1
Qe6 36. Bxf4 exf4 37. a4 Ng6 38. a5 bxa5 39. Rxa5 Ra8 40. Rda1 Rxa5 41. Rxa5 Ne5
42. Qb2 Qd7 43. Ra6 Qc7 44. Qd2 Rd8 45. Qd5 Kg7 46. Qe6 Qd7 47. Qa2 Qf7 48. Qa5
Rd7 49. Qb6 Qe7 50. Ra8 Rb7 51. Qa5 Qc7 52. Qa4 Qd7 53. Qa6 Qc7 54. Kh2 Qb6 55.
Qa4 c4 56. Qa2 Qb2 57. Qa6 Qb6 58. Qa2 Qb2 59. Qa6 Qb6 1/2-1/2

[Event "Druzynowe Mistrzostwa Polski Juniorow - Ekstraliga Juniorow 2019"]
[Site "DW Globus Ustron Jaszowiec ul. Turystyczna 6"]
[Date "1899-12-30"]
[Round "1.14"]
[White "Posluszny, Tomasz"]
[Black "Sernecki, Franciszek"]
[Result "1/2-1/2"]
[WhiteTitle "I+"]
[BlackTitle "I++"]
[WhiteElo "1888"]
[BlackElo "2283"]

1. d4 d5 2. c4 dxc4 3. e4 c5 4. d5 Nf6 5. Nc3 b5 6. e5 b4 7. exf6 bxc3 8. Qa4+
Qd7 9. Qxc4 Bb7 10. Qxc3 exf6 11. Be3 Qxd5 12. Rd1 Qc6 13. Nf3 Be7 14. Bc4 O-O
15. O-O Nd7 16. Bd5 Qc7 17. Bf4 Qc8 18. Rfe1 Re8 19. Bxb7 Qxb7 20. Nd2 Nb6 21.
Nc4 Bf8 22. b3 Rad8 23. h3 Rxe1+ 24. Rxe1 Nxc4 25. Qxc4 Rd4 26. Qc1 a5 27. Be3
Rd5 28. Rd1 Rxd1+ 29. Qxd1 Qc6 30. Qc2 Qb5 31. a4 Qb6 32. Qc4 1/2-1/2

[Event "Druzynowe Mistrzostwa Polski Juniorow - Ekstraliga Juniorow 2019"]
[Site "DW Globus Ustron Jaszowiec ul. Turystyczna 6"]
[Date "1899-12-30"]
[Round "1.15"]
[White "Wieczorek, Mikolaj"]
[Black "Seemann, Jakub"]
[Result "1-0"]
[WhiteTitle "I"]
[BlackTitle "I+"]
[WhiteElo "1751"]
[BlackElo "2017"]

1. e4 c5 2. Nf3 d6 3. d4 cxd4 4. Nxd4 Nf6 5. Nc3 a6 6. Bg5 Nbd7 7. Bc4 Qa5 8. Qd2
e6 9. O-O-O b5 10. Bb3 b4 11. Nd5 Nxe4 12. Qxb4 Qc5 13. Qxc5 Ndxc5 14. Nc7+ Kd7
15. Nxa8 Nxb3+ 16. axb3 Nxg5 17. Nb6+ Kc7 18. Nxc8 Kxc8 19. Rhe1 h5 20. Rd3 d5
21. f4 Ne4 22. f5 Kd7 23. Nf3 Ke7 24. fxe6 fxe6 25. Nd2 Nxd2 26. Rxd2 Kd7 27.
Rf1 Bc5 28. Rd3 Kd6 29. Kd2 g5 30. c3 a5 31. Ra1 g4 32. Rxa5 Rf8 33. Kc2 Bb6 34.
Ra1 e5 35. b4 d4 36. Rd2 Kd5 37. Re1 Bd8 38. Rde2 Rf5 39. Kd3 Bg5 40. c4+ Kd6
41. Ra1 Be3 42. Ra6+ Kd7 43. Ke4 Rf8 44. b5 Re8 45. c5 Rb8 46. Ra7+ Ke6 47. b6
Bg5 48. Re1 Rd8 49. Rd1 Rf8 50. b7 Rb8 51. c6 Bd8 52. Ra8 1-0

[Event "Druzynowe Mistrzostwa Polski Juniorow - Ekstraliga Juniorow 2019"]
[Site "DW Globus Ustron Jaszowiec ul. Turystyczna 6"]
[Date "1899-12-30"]
[Round "1.16"]
[White "Oleksy, Krzysztof"]
[Black "Halhoul, Adam"]
[Result "1-0"]
[WhiteTitle "I"]
[BlackTitle "II+"]
[WhiteElo "1878"]
[BlackElo "1609"]

1. d4 Nf6 2. c4 g6 3. Nc3 Bg7 4. e4 O-O 5. Be2 d6 6. Be3 Nbd7 7. g4 c5 8. d5 b5
9. cxb5 a6 10. f3 axb5 11. Bxb5 Ba6 12. Bxa6 Rxa6 13. Qe2 Qa5 14. Rc1 Rb8 15.
Kf2 Nb6 16. Rc2 Nfd7 17. Nh3 Ne5 18. Kg2 Na4 19. Nxa4 Qxa4 20. b3 Qb5 21. Qxb5
Rxb5 22. Rd1 Ra3 23. Bc1 Ra8 24. Bg5 Ra7 25. Nf2 h6 26. Bf4 g5 27. Bxe5 Bxe5 28.
Rdd2 Bd4 29. Nd3 Kg7 30. Nc1 Rb6 31. Ne2 Be5 32. Nc3 Rba6 33. Nb5 Rb7 34. a4 Kf8
35. Rc4 Ke8 36. Rd1 Kd7 37. Rc2 Bf4 38. Rh1 e5 39. h4 gxh4 40. Rxh4 Bg5 41. Rh1
f6 42. Kf2 Bf4 43. Ke2 Bg5 44. Kd3 Ra5 45. Kc4 Bf4 46. Re1 Bg5 47. Ree2 Ra8 48.
Ra2 Rc8 49. Rec2 Be3 50. Kd3 Bf4 51. b4 c4+ 52. Rxc4 Rxc4 53. Kxc4 Rb8 54. Na7
h5 55. gxh5 Rg8 56. Nc6 Rg3 57. a5 Rg1 58. a6 Rc1+ 59. Kb5 1-0

[Event "Druzynowe Mistrzostwa Polski Juniorow - Ekstraliga Juniorow 2019"]
[Site "DW Globus Ustron Jaszowiec ul. Turystyczna 6"]
[Date "1899-12-30"]
[Round "1.17"]
[White "Frej, Zofia"]
[Black "Kucharska, Honorata"]
[Result "0-1"]
[WhiteTitle "k"]
[BlackTitle "WFM"]
[WhiteElo "1903"]
[BlackElo "2054"]

1. e4 e5 2. Nf3 Nc6 3. Bc4 Nf6 4. d3 Bc5 5. c3 d6 6. Nbd2 a6 7. Bb3 Ba7 8. O-O
h6 9. Re1 g5 10. Nf1 g4 11. N3d2 Qe7 12. Nc4 Bd7 13. Be3 O-O-O 14. Ng3 h5 15.
Bxa7 Nxa7 16. Ne3 Kb8 17. Bc4 Be6 18. d4 Bxc4 19. Nxc4 h4 20. Nf5 Qe6 21. d5 Qd7
22. Qd3 Rh5 23. Nce3 Rg8 24. c4 Qd8 25. b4 Nd7 26. Rab1 Nc8 27. c5 g3 28. fxg3
hxg3 29. h3 dxc5 30. bxc5 Nxc5 31. Qc4 Nd7 32. Qxa6 Ndb6 33. Qe2 Rhg5 34. Rb4
Nd6 35. Reb1 Nxf5 36. Nxf5 Rxf5 37. exf5 Qxd5 38. a4 f6 39. Rg4 Rxg4 40. Qxg4
Qd3 41. Rd1 Qe3+ 42. Kh1 e4 43. Qg8+ Nc8 44. Qd5 Nd6 45. a5 Qf2 46. Qg8+ Ka7 47.
Qd8 Qc2 48. Rg1 e3 49. Ra1 Qc3 50. Rb1 e2 51. Qe7 Qd3 52. Re1 Ne4 53. Qxc7 Qd2
54. Qb6+ Ka8 55. Qb1 Nf2+ 56. Kg1 Nxh3+ 57. gxh3 Qe3+ 58. Kh1 Qf3+ 0-1

[Event "Druzynowe Mistrzostwa Polski Juniorow - Ekstraliga Juniorow 2019"]
[Site "DW Globus Ustron Jaszowiec ul. Turystyczna 6"]
[Date "1899-12-30"]
[Round "1.18"]
[White "Kucharska, Helena"]
[Black "Scisla, Oliwia"]
[Result "1-0"]
[WhiteTitle "I"]
[BlackTitle "I++"]
[WhiteElo "1543"]
[BlackElo "1247"]

1. e4 e6 2. d3 c5 3. Nf3 Nc6 4. g3 d5 5. Nbd2 Nf6 6. Bg2 Be7 7. O-O O-O 8. Qe2
Qc7 9. c3 b6 10. a3 Bb7 11. e5 Nd7 12. d4 a5 13. b3 Ba6 14. Qe3 Bxf1 15. Bxf1
cxd4 16. cxd4 Rfc8 17. Bb2 Qb7 18. Bd3 b5 19. Ng5 h6 20. Ngf3 b4 21. a4 Qb6 22.
h4 Nd8 23. g4 f6 24. exf6 Nxf6 25. g5 hxg5 26. hxg5 Nd7 27. Qf4 Qd6 28. Qh4 Nf8
29. Kg2 Nf7 30. Rh1 Nh6 31. Qh5 Nf5 32. Bxf5 exf5 33. Ne5 Ng6 34. Nxg6 Kf7 35.
Ne5+ Ke6 36. Qf7# 1-0

[Event "Druzynowe Mistrzostwa Polski Juniorow - Ekstraliga Juniorow 2019"]
[Site "DW Globus Ustron Jaszowiec ul. Turystyczna 6"]
[Date "1899-12-30"]
[Round "1.19"]
[White "Chylewski, Patryk"]
[Black "Kozak, Antoni"]
[Result "0-1"]
[WhiteTitle "FM"]
[BlackTitle "k++"]
[WhiteElo "2400"]
[BlackElo "2365"]

1. d4 f5 2. g3 Nf6 3. Bg2 g6 4. Nf3 Bg7 5. b3 O-O 6. O-O d6 7. Bb2 a5 8. c4 c6
9. Nbd2 Na6 10. Re1 e5 11. dxe5 Ng4 12. e4 f4 13. Qe2 Nxe5 14. Nxe5 Bxe5 15. Bxe5
dxe5 16. Rad1 Nc5 17. Nb1 Qf6 18. gxf4 Qxf4 19. Qe3 Ne6 20. Nc3 Nd4 21. Qxf4 Rxf4
22. Ne2 Nxe2+ 23. Rxe2 Bg4 24. f3 Bxf3 25. Bxf3 Rxf3 26. Rd7 Rf7 27. Red2 Re8
28. Rxf7 Kxf7 29. Rd7+ Re7 30. Rd8 Ke6 31. Ra8 Kf6 32. Kf2 Kg5 33. Kg3 Rd7 34.
h4+ Kh5 35. Rxa5 Rd3+ 36. Kf2 Kxh4 37. Rxe5 Rd7 38. Re6 Kg4 39. Ke3 Rg7 40. Kd4
h5 41. Ke5 Kg5 42. Kd6 h4 43. e5 h3 44. Rf6 h2 45. Rf1 Rh7 46. Rh1 Kf4 47. e6
Kg3 48. e7 Rh8 49. Rf1 g5 50. Rf8 h1=Q 51. e8=Q Qh6+ 0-1

[Event "Druzynowe Mistrzostwa Polski Juniorow - Ekstraliga Juniorow 2019"]
[Site "DW Globus Ustron Jaszowiec ul. Turystyczna 6"]
[Date "1899-12-30"]
[Round "1.20"]
[White "Mis, Mieszko"]
[Black "Kowalski, Igor"]
[Result "0-1"]
[WhiteTitle "FM"]
[BlackTitle "FM"]
[WhiteElo "2284"]
[BlackElo "2320"]

1. d4 e6 2. e4 d5 3. Bd3 dxe4 4. Bxe4 Nf6 5. Bf3 c5 6. Ne2 Nc6 7. Be3 e5 8. Bxc6+
bxc6 9. c3 Ng4 10. Qd2 exd4 11. cxd4 Nxe3 12. Qxe3+ Be7 13. Nbc3 O-O 14. dxc5
Ba6 15. O-O Re8 16. Rfd1 Qa5 17. Qf3 Qxc5 18. Rac1 Rad8 19. Ng3 Rxd1+ 20. Rxd1
Bf8 21. h3 Bc8 22. Nge4 Qe5 23. Ng3 Qc7 24. Nge4 h6 25. Qg3 Qxg3 26. Nxg3 Be6
27. b3 Bb4 28. Rc1 Kh7 29. Na4 Bd5 30. Nc3 Ba3 31. Rc2 Re1+ 32. Kh2 Be6 33. Nce2
Bd6 34. Nd4 Bd5 35. Re2 Ra1 36. h4 g6 37. Kh3 f5 38. Ndxf5 gxf5 39. Nxf5 Bc5 40.
f3 Kg6 41. Kg4 h5+ 42. Kf4 Kf6 43. Re8 Rxa2 44. Rh8 Rxg2 45. Rxh5 Rf2 46. Rh6+
Kf7 47. Rh7+ Kg8 48. Rb7 Rxf3+ 49. Kg5 Be6 50. Rb8+ Bf8 51. Nd4 Rg3+ 52. Kf6 Bd5
53. h5 Rg7 54. Nf5 Rf7+ 55. Ke5 Kh7 56. b4 Bf3 57. Kd4 0-1